[Event "24th Abu Dhabi Masters"]
[Site "Abu Dhabi UAE"]
[Date "2017.08.14"]
[Round "1.61"]
[White "Saravana, Krishnan P."]
[Black "Zayed, Ali Al-hamed"]
[Result "1-0"]
[WhiteElo "2378"]
[BlackElo "1996"]
[WhiteFideId "5018382"]
[BlackFideId "9303340"]
[EventDate "2017.08.14"]

1. e4 e5 2. Nf3 Nf6 3. Nc3 Bb4 4. Bc4 Nxe4 5. O-O O-O 6. Nxe5 Nf6 7. d4 Nc6 8.
Bg5 Be7 9. Re1 d6 10. Nxc6 bxc6 11. Qe2 Be6 12. Bxe6 fxe6 13. Qxe6+ Rf7 14. Re2
Rb8 15. Rae1 Rxb2 16. Qc4 Kf8 17. Bxf6 Bxf6 18. Qxc6 Rb8 19. Ne4 Qd7 20. Qa6 Qb5
21. Qxb5 Rxb5 22. Nxd6 1-0

[Event "24th Abu Dhabi Masters"]
[Site "Abu Dhabi UAE"]
[Date "2017.08.14"]
[Round "1.62"]
[White "Al-Zaabi, Sultan"]
[Black "Hedman, Erik"]
[Result "0-1"]
[WhiteTitle "CM"]
[BlackTitle "FM"]
[WhiteElo "1747"]
[BlackElo "2376"]
[WhiteFideId "9307583"]
[BlackFideId "1702351"]
[EventDate "2017.08.14"]

1. Nf3 c5 2. g3 Nc6 3. d4 cxd4 4. Nxd4 Nf6 5. Bg2 Qb6 6. Nb3 d5 7. O-O Bf5 8.
Nc3 Rd8 9. Be3 Qc7 10. Nd4 Bc8 11. Ndb5 Qb8 12. Bxd5 Bh3 13. Re1 a6 14. Bxc6+
bxc6 15. Nd4 Qb7 16. Qc1 Rxd4 17. Bxd4 c5 18. f3 cxd4 19. Na4 e5 20. c3 Bd7 21.
Qd1 dxc3 22. Nxc3 Bc5+ 23. Kg2 O-O 24. Rc1 Be3 25. Ra1 Qxb2 26. Qb3 Qxb3 27.
axb3 Bd2 0-1

[Event "24th Abu Dhabi Masters"]
[Site "Abu Dhabi UAE"]
[Date "2017.08.15"]
[Round "2.2"]
[White "Korobov, Anton"]
[Black "Aryan, Chopra"]
[Result "1/2-1/2"]
[WhiteTitle "GM"]
[BlackTitle "GM"]
[WhiteElo "2668"]
[BlackElo "2507"]
[WhiteFideId "14105730"]
[BlackFideId "5084423"]
[EventDate "2017.08.14"]

1. d4 Nf6 2. c4 g6 3. g3 Bg7 4. Bg2 O-O 5. Nc3 d6 6. Nf3 Nc6 7. O-O e5 8. d5 Ne7
9. e4 Nd7 10. b4 a5 11. Ba3 axb4 12. Bxb4 Nc5 13. a4 Na6 14. Ba3 b6 15. Ne1 Nc5
16. Nd3 f5 17. exf5 Nxf5 18. Nxc5 bxc5 19. Ne4 Nd4 20. Bb2 h6 21. a5 Bf5 22. Bc3
Qc8 23. Qd3 Qa6 24. Rfb1 Rf7 25. Rb2 Raf8 26. h3 g5 27. Rab1 g4 28. h4 Bh7 29.
Bxd4 exd4 30. Ra2 Re7 31. Re1 Rfe8 32. Kh2 Kh8 33. Qb3 Re5 34. Qc2 Bf5 35. Ra3
Bg6 1/2-1/2

[Event "24th Abu Dhabi Masters"]
[Site "Abu Dhabi UAE"]
[Date "2017.08.15"]
[Round "2.3"]
[White "Lupulescu, Constantin"]
[Black "Puranik, Abhimanyu"]
[Result "1/2-1/2"]
[WhiteTitle "GM"]
[BlackTitle "IM"]
[WhiteElo "2637"]
[BlackElo "2495"]
[WhiteFideId "1207822"]
[BlackFideId "5061245"]
[EventDate "2017.08.14"]

1. Nf3 Nf6 2. c4 g6 3. Nc3 d5 4. cxd5 Nxd5 5. Qc2 Nc6 6. Qb3 Nb6 7. d4 Be6 8.
Qd1 Bg7 9. e3 O-O 10. Be2 a5 11. O-O a4 12. Re1 Bf5 13. e4 Bg4 14. d5 Bxf3 15.
Bxf3 Nd4 16. Bg4 a3 17. Rb1 f5 18. Bh3 fxe4 19. Rxe4 Nf5 20. Qb3 Kh8 21. bxa3
Nd4 22. Qd1 Nxd5 23. Rxd4 Nxc3 24. Rxd8 Raxd8 25. Qc2 Rd1+ 26. Qxd1 Nxd1 27.
Rxb7 Bd4 28. Kf1 Nxf2 29. Bh6 Bg7 30. Bxg7+ Kxg7 31. Ke2 Nxh3 32. gxh3 Ra8 33.
Rxc7 Rxa3 34. Rxe7+ Kh6 35. Kf2 Rxh3 36. Kg2 Ra3 37. h3 Rxa2+ 38. Kg3 g5 39. Re4
Kh5 40. Rb4 Ra3+ 41. Kg2 Ra2+ 42. Kg3 Ra3+ 43. Kg2 Ra2+ 1/2-1/2

[Event "24th Abu Dhabi Masters"]
[Site "Abu Dhabi UAE"]
[Date "2017.08.15"]
[Round "2.4"]
[White "Salem, A.R. Saleh"]
[Black "Abdusattorov, Nodirbek"]
[Result "1/2-1/2"]
[WhiteTitle "GM"]
[BlackTitle "IM"]
[WhiteElo "2624"]
[BlackElo "2470"]
[WhiteFideId "9301348"]
[BlackFideId "14204118"]
[EventDate "2017.08.14"]

1. e4 e5 2. Nf3 Nc6 3. Bb5 a6 4. Ba4 Nf6 5. O-O Be7 6. Re1 b5 7. Bb3 d6 8. c3
O-O 9. h3 Nb8 10. d4 Nbd7 11. c4 b4 12. Nbd2 Bb7 13. Bc2 exd4 14. Nxd4 Nc5 15.
Nf5 Re8 16. Nb3 Nxb3 17. axb3 Bf8 18. Qf3 Nd7 19. Qg3 Kh8 20. Bg5 f6 21. Bd2 a5
22. Re2 Nc5 23. Rae1 g6 24. Nh4 Qd7 25. f4 Bh6 26. Nf3 Qg7 27. Nh2 f5 28. exf5
Rxe2 29. Rxe2 gxf5 30. Qh4 Ne6 31. Ng4 Nxf4 32. Re7 1/2-1/2

[Event "24th Abu Dhabi Masters"]
[Site "Abu Dhabi UAE"]
[Date "2017.08.15"]
[Round "2.5"]
[White "Golubov, Saveliy"]
[Black "Adly, Ahmed"]
[Result "1/2-1/2"]
[WhiteTitle "IM"]
[BlackTitle "GM"]
[WhiteElo "2512"]
[BlackElo "2619"]
[WhiteFideId "24176729"]
[BlackFideId "10601619"]
[EventDate "2017.08.14"]

1. e4 c5 2. Nf3 Nf6 3. Nc3 d6 4. e5 dxe5 5. Nxe5 Nbd7 6. Nc4 g6 7. d4 cxd4 8.
Qxd4 Bg7 9. Be2 O-O 10. O-O Nb8 11. Qh4 Be6 12. Bh6 Qc8 13. Bxg7 Kxg7 14. Rad1
Qc5 15. Ne4 Nxe4 16. Qxe4 Nc6 17. c3 Rad8 18. b4 Qf5 19. Qxf5 Bxf5 20. Rxd8 Rxd8
21. Rd1 1/2-1/2

[Event "24th Abu Dhabi Masters"]
[Site "Abu Dhabi UAE"]
[Date "2017.08.15"]
[Round "2.6"]
[White "Sethuraman, S.P."]
[Black "Bellia, Fabrizio"]
[Result "1-0"]
[WhiteTitle "GM"]
[BlackTitle "IM"]
[WhiteElo "2618"]
[BlackElo "2444"]
[WhiteFideId "5021596"]
[BlackFideId "800511"]
[EventDate "2017.08.14"]

1. e4 e5 2. Nf3 Nc6 3. Bb5 a6 4. Ba4 Nf6 5. O-O Be7 6. d3 b5 7. Bb3 d6 8. a4 b4
9. Nbd2 O-O 10. a5 Be6 11. Re1 Rb8 12. h3 h6 13. Bxe6 fxe6 14. Nc4 Nh7 15. c3
bxc3 16. bxc3 Bg5 17. Nxg5 Nxg5 18. Be3 Nf7 19. Nd2 Nh8 20. d4 Ng6 21. Qe2 Rb5
22. Reb1 exd4 23. cxd4 Rxb1+ 24. Rxb1 Qc8 25. Rc1 Nge7 26. Qc4 d5 27. Qa4 Qb7
28. Nb3 Rb8 29. Nc5 Qc8 30. Qd1 dxe4 31. Qg4 Nf5 32. Qxe4 Nd8 33. d5 exd5 34.
Qxd5+ Nf7 35. Bf4 Rb5 36. Qd2 c6 37. Nd7 Ne7 38. Rc5 Qd8 39. Be3 Rb7 40. Nb6
Qxd2 41. Bxd2 Rb8 42. Rc2 Rd8 43. Na4 Nf5 44. Nc5 Nd4 45. Ra2 Ra8 46. Bf4 Nd8
47. Be3 N4e6 48. Nd7 Nb7 49. Ne5 Rc8 50. Nc4 Nbc5 51. Rb2 Nd7 52. Rd2 Ndc5 53.
Ne5 Nb3 54. Rd6 Nd8 55. Bb6 Nb7 56. Rxc6 Rxc6 57. Nxc6 Kf7 58. f4 Ke6 59. Kf2
Kd5 60. Nb4+ Ke4 61. Nxa6 Kxf4 62. Nc7 N7xa5 63. Ne6+ Kf5 64. Nxg7+ Kg6 65. Ne6
Nc4 66. Bc7 Nba5 67. Nf4+ Kf5 68. Kg3 Nc6 69. Kh4 N4e5 70. Ne2 Kg6 71. Nf4+ Kf5
72. Nd5 Kg6 73. Kg3 Nd3 74. Kf3 Ne1+ 75. Kf2 Nd3+ 76. Ke3 Ne1 77. Nf4+ Kf5 78.
g4+ Kf6 79. Bd6 Nc2+ 80. Ke4 Nd8 81. Nh5+ Kg6 82. Nf4+ Kf6 83. Be5+ Kf7 84. Bc3
Nc6 85. Kd3 N2b4+ 86. Kc4 Nc2 87. Kd3 N2b4+ 88. Ke4 Nc2 89. Ne2 N2b4 90. Bd2 Kg7
91. Ng3 Kg6 92. h4 Na6 93. h5+ Kh7 94. Nf5 Nc5+ 95. Kd5 Nb3 96. Be3 Nba5 97. Bd2
Nb3 98. Be3 Nba5 99. Nxh6 Nb4+ 100. Ke6 Nc2 101. Nf5 Nxe3 102. Nxe3 Nc6 103. g5
Nd4+ 104. Kf6 Nf3 105. Nf5 Nd2 106. g6+ 1-0

[Event "24th Abu Dhabi Masters"]
[Site "Abu Dhabi UAE"]
[Date "2017.08.15"]
[Round "2.7"]
[White "Vignesh, N R"]
[Black "Parligras, Mircea-Emilian"]
[Result "1/2-1/2"]
[WhiteTitle "IM"]
[BlackTitle "GM"]
[WhiteElo "2448"]
[BlackElo "2616"]
[WhiteFideId "25012215"]
[BlackFideId "1204297"]
[EventDate "2017.08.14"]

1. e4 c6 2. d4 d5 3. Nc3 dxe4 4. Nxe4 Bf5 5. Ng3 Bg6 6. h4 h6 7. Nf3 e6 8. h5
Bh7 9. Bd3 Bxd3 10. Qxd3 Nf6 11. Bd2 Be7 12. O-O-O O-O 13. Kb1 c5 14. Ne4 Nc6
15. Nxf6+ Bxf6 16. dxc5 Qxd3 17. cxd3 Rfd8 18. Be3 Rd5 19. a3 Rad8 20. Kc2 a5
21. b3 e5 22. Nd2 Be7 23. Ne4 Nd4+ 24. Bxd4 Rxd4 25. Rhe1 f6 26. b4 axb4 27.
axb4 Rxb4 28. Rb1 Rbd4 29. Rxb7 Bxc5 30. Nxc5 Rc8 31. Rb5 Rd5 32. Kd2 Rdxc5 33.
Rxc5 Rxc5 34. g4 Kf7 1/2-1/2

[Event "24th Abu Dhabi Masters"]
[Site "Abu Dhabi UAE"]
[Date "2017.08.15"]
[Round "2.8"]
[White "Hovhannisyan, Robert"]
[Black "Raja, Harshit"]
[Result "1/2-1/2"]
[WhiteTitle "GM"]
[WhiteElo "2606"]
[BlackElo "2434"]
[WhiteFideId "13302507"]
[BlackFideId "5089000"]
[EventDate "2017.08.14"]

1. e4 c5 2. Nf3 d6 3. d4 cxd4 4. Nxd4 Nf6 5. Nc3 a6 6. Bg5 e6 7. f4 Qb6 8. Qd2
Qxb2 9. Rb1 Qa3 10. f5 Nc6 11. fxe6 fxe6 12. Nxc6 bxc6 13. Be2 Be7 14. e5 dxe5
15. Bxf6 Bxf6 16. Bh5+ g6 17. O-O O-O 18. Ne4 Bg7 19. Rxf8+ Qxf8 20. Bg4 Qe7 21.
c4 c5 22. Qd6 Qxd6 23. Nxd6 Bd7 24. Rb7 Rd8 25. Rxd7 Rxd7 26. Bxe6+ Kf8 27. Bxd7
Ke7 28. Ne4 Kxd7 29. Kf2 Bf8 30. Kf3 Ke6 31. Ng3 1/2-1/2

[Event "24th Abu Dhabi Masters"]
[Site "Abu Dhabi UAE"]
[Date "2017.08.15"]
[Round "2.9"]
[White "Nguyen, Anh Khoi"]
[Black "Maghsoodloo, Parham"]
[Result "1/2-1/2"]
[WhiteTitle "IM"]
[BlackTitle "GM"]
[WhiteElo "2444"]
[BlackElo "2590"]
[WhiteFideId "12404675"]
[BlackFideId "12539929"]
[EventDate "2017.08.14"]

1. d4 Nf6 2. c4 e6 3. g3 Bb4+ 4. Bd2 Qe7 5. Bg2 O-O 6. Nf3 Bxd2+ 7. Qxd2 c6 8.
O-O d5 9. Rc1 Nbd7 10. Qe3 b6 11. Nbd2 Bb7 12. cxd5 cxd5 13. Rc7 Ba6 14. Ne5
Rfc8 15. Rac1 Rxc7 16. Rxc7 Qd8 17. Rc1 Rc8 18. Nc6 Qf8 19. Nf3 Nb8 20. Nxb8
Rxc1+ 21. Qxc1 Qxb8 1/2-1/2

[Event "24th Abu Dhabi Masters"]
[Site "Abu Dhabi UAE"]
[Date "2017.08.15"]
[Round "2.10"]
[White "Andersen, Mads"]
[Black "Asgarizadeh, Ahmad"]
[Result "1-0"]
[WhiteTitle "GM"]
[BlackTitle "IM"]
[WhiteElo "2586"]
[BlackElo "2423"]
[WhiteFideId "1413864"]
[BlackFideId "12505684"]
[EventDate "2017.08.14"]

1. c4 c5 2. Nf3 g6 3. d4 cxd4 4. Nxd4 Bg7 5. e4 Nc6 6. Nc2 d6 7. Be2 Nf6 8. Nc3
O-O 9. O-O Nd7 10. Bd2 Nc5 11. b4 Ne6 12. Rb1 Ned4 13. Nxd4 Nxd4 14. Bd3 b6 15.
Re1 Bb7 16. a3 Rc8 17. Rc1 Qd7 18. Be3 e5 19. f3 h5 20. Ne2 Ne6 21. Qd2 Rc7 22.
Red1 Rfc8 23. Nc3 Bc6 24. Qa2 Nd4 25. a4 Kh7 26. a5 bxa5 27. b5 Ba8 28. Ne2 Rc5
29. Nxd4 exd4 30. Bd2 h4 31. Qxa5 h3 32. g3 f5 33. exf5 Rxf5 34. Bxf5 Qxf5 35.
Rf1 Bxf3 36. Rf2 Qd3 37. Qxa7 Rxc4 38. Rxc4 Qxc4 39. Qd7 Bd5 40. Bh6 1-0

[Event "24th Abu Dhabi Masters"]
[Site "Abu Dhabi UAE"]
[Date "2017.08.15"]
[Round "2.11"]
[White "Neelotpal, Das"]
[Black "Pantsulaia, Levan"]
[Result "1/2-1/2"]
[WhiteTitle "GM"]
[BlackTitle "GM"]
[WhiteElo "2441"]
[BlackElo "2585"]
[WhiteFideId "5003512"]
[BlackFideId "13602071"]
[EventDate "2017.08.14"]

1. d4 Nf6 2. c4 c5 3. d5 e6 4. Nc3 exd5 5. cxd5 d6 6. Nf3 g6 7. Nd2 Nbd7 8. e4
Bg7 9. Be2 O-O 10. O-O Re8 11. Qc2 Ne5 12. a4 Bg4 13. f4 Ned7 14. Bd3 Nh5 15.
Nc4 Nb6 16. Be3 Nxc4 17. Bxc4 Bf5 18. Bd3 Nf6 19. Bf2 Bd7 20. Bh4 Qb6 21. Kh1
Ng4 22. a5 Qb4 23. Rfe1 c4 24. Be2 Qc5 25. Bxg4 Bxg4 26. Bf2 Qc8 27. Qd2 Bd7 28.
Bd4 f6 29. Qf2 a6 30. Re3 Qd8 31. Bb6 Qe7 32. Rae1 Qf8 33. Bd4 Re7 34. Qh4 Rae8
35. g4 g5 36. Qg3 gxf4 37. Qxf4 Bh6 38. Qxd6 Bxe3 39. Rxe3 Rg7 40. Qxf8+ Rxf8
41. h3 h5 42. gxh5 Rg5 43. Rf3 Rxh5 44. Kh2 Rh6 45. Be3 Rg6 46. Ne2 Re8 47. Nf4
Rg5 48. Ne6 Bxe6 49. Bxg5 fxg5 50. dxe6 Rxe6 51. Rf5 Rxe4 52. Rxg5+ Kf7 53. Rg4
Re2+ 54. Kg3 Rxb2 55. Rxc4 Rb5 56. Ra4 Kg6 57. Kg4 Rb1 58. Kf4 Rb5 59. Kg4 Kh6
60. Kh4 1/2-1/2

[Event "24th Abu Dhabi Masters"]
[Site "Abu Dhabi UAE"]
[Date "2017.08.15"]
[Round "2.12"]
[White "Indjic, Aleksandar"]
[Black "Vogt, Lothar"]
[Result "1-0"]
[WhiteTitle "GM"]
[BlackTitle "GM"]
[WhiteElo "2581"]
[BlackElo "2420"]
[WhiteFideId "911925"]
[BlackFideId "4611292"]
[EventDate "2017.08.14"]

1. d4 Nf6 2. c4 g6 3. Nc3 Bg7 4. Nf3 O-O 5. Bg5 c5 6. d5 d6 7. e4 a6 8. a4 e6 9.
Nd2 exd5 10. cxd5 h6 11. Bh4 Nbd7 12. Be2 g5 13. Bg3 Ne5 14. Bxe5 dxe5 15. Nc4
Ne8 16. a5 Nd6 17. Nb6 Rb8 18. Bg4 Bxg4 19. Qxg4 Qc7 20. h4 f5 21. exf5 Rxf5 22.
hxg5 Rxg5 23. Qe6+ Kh7 24. Nd7 Rg6 25. Qe7 Kh8 26. Nf8 1-0

[Event "24th Abu Dhabi Masters"]
[Site "Abu Dhabi UAE"]
[Date "2017.08.15"]
[Round "2.13"]
[White "Fernandez Borrego, Pablo"]
[Black "Paichadze, Luka"]
[Result "0-1"]
[WhiteTitle "FM"]
[BlackTitle "GM"]
[WhiteElo "2427"]
[BlackElo "2581"]
[WhiteFideId "2258285"]
[BlackFideId "13602934"]
[EventDate "2017.08.14"]

1. e4 c6 2. d4 d5 3. e5 Bf5 4. Nc3 e6 5. g4 Bg6 6. Nge2 c5 7. h4 h5 8. Nf4 Bh7
9. Nxh5 Nc6 10. dxc5 Bxc5 11. Bb5 Qc7 12. Bxc6+ Qxc6 13. Qf3 O-O-O 14. Bg5 Be4
15. Nxe4 dxe4 16. Qg2 f6 17. exf6 gxf6 18. Nxf6 Bb4+ 19. Kf1 Nxf6 20. Bxf6 Qxc2
21. Bxd8 Rxd8 22. Qg3 Rd3 23. Qf4 e3 24. Kg2 Bd2 25. h5 e2 26. Rhc1 e1=N+ 27.
Rxe1 Bxf4 0-1

[Event "24th Abu Dhabi Masters"]
[Site "Abu Dhabi UAE"]
[Date "2017.08.15"]
[Round "2.14"]
[White "Fier, Alexandr"]
[Black "Iniyan, P"]
[Result "1/2-1/2"]
[WhiteTitle "GM"]
[BlackTitle "IM"]
[WhiteElo "2579"]
[BlackElo "2404"]
[WhiteFideId "2107139"]
[BlackFideId "25002767"]
[EventDate "2017.08.14"]

1. d4 Nf6 2. c4 g6 3. Nc3 Bg7 4. e4 d6 5. Nf3 O-O 6. Be2 e5 7. d5 Na6 8. Nd2 Ne8
9. h4 h5 10. Nb3 f5 11. exf5 Bxf5 12. Bg5 Qd7 13. f3 e4 14. fxe4 Bxc3+ 15. bxc3
Bxe4 16. Qd4 Bc2 17. Bf3 Nc5 18. O-O Bxb3 19. Rae1 Qg7 20. axb3 Qxd4+ 21. cxd4
Nxb3 22. Re6 a5 23. Rxg6+ Ng7 24. Bh6 Kh7 25. Be4 Rxf1+ 26. Kxf1 Rf8+ 27. Ke1
Nf5 28. Rxd6 cxd6 29. Bxf8 Kg8 30. Bxf5 Kxf8 31. Bg6 Nxd4 32. Kd2 Kg7 33. Bxh5
Nf5 34. Bg4 Nxh4 35. g3 Ng6 36. Kc3 Ne5 37. Bc8 b6 38. Be6 Kf6 39. Bc8 Kg5 40.
Be6 Nf3 41. Bd7 Nh2 42. Kb3 Nf3 43. Kc3 Kf6 44. Bg4 Ng5 45. Kd4 Nf7 46. Bc8 Nh6
47. Kc3 Nf5 48. Bxf5 Kxf5 49. Kb3 Kg4 50. Ka4 Kxg3 51. Kb5 Kf4 52. Kxb6 a4 53.
c5 dxc5 54. d6 a3 55. d7 a2 56. d8=Q a1=Q 57. Qc7+ Qe5 58. Qxe5+ Kxe5 59. Kxc5 1/2-1/2

[Event "24th Abu Dhabi Masters"]
[Site "Abu Dhabi UAE"]
[Date "2017.08.15"]
[Round "2.15"]
[White "Fawzy, Adham"]
[Black "Karthikeyan, Murali"]
[Result "1/2-1/2"]
[WhiteTitle "IM"]
[BlackTitle "GM"]
[WhiteElo "2422"]
[BlackElo "2579"]
[WhiteFideId "10613129"]
[BlackFideId "5074452"]
[EventDate "2017.08.14"]

1. e4 e5 2. Nf3 Nc6 3. d4 exd4 4. Bc4 Nf6 5. e5 d5 6. Bb5 Ne4 7. Nxd4 Bd7 8.
Bxc6 bxc6 9. O-O Bc5 10. Be3 Bb6 11. f3 Ng5 12. f4 Ne6 13. c3 c5 14. Nxe6 fxe6
15. Qh5+ g6 16. Qh3 O-O 17. Nd2 d4 18. Bf2 dxc3 19. bxc3 Bb5 20. Qxe6+ Kh8 21.
Nf3 Bxf1 22. Bh4 c4+ 23. Kh1 Qd3 24. Bf6+ Rxf6 25. Qxf6+ Kg8 26. Qe6+ 1/2-1/2

[Event "24th Abu Dhabi Masters"]
[Site "Abu Dhabi UAE"]
[Date "2017.08.15"]
[Round "2.16"]
[White "Rozum, Ivan"]
[Black "Raghunandan, Kaumandur Srihari"]
[Result "1-0"]
[WhiteTitle "GM"]
[BlackTitle "IM"]
[WhiteElo "2579"]
[BlackElo "2398"]
[WhiteFideId "24104272"]
[BlackFideId "25004964"]
[EventDate "2017.08.14"]

1. Nf3 d5 2. g3 Bg4 3. Bg2 Nd7 4. c4 e6 5. Qb3 Nc5 6. Qc2 c6 7. O-O Nf6 8. d3
Be7 9. Nbd2 O-O 10. h3 Bh5 11. g4 Bg6 12. Ne5 a5 13. Ndf3 Bd6 14. b3 Nfd7 15.
Bb2 Qe7 16. Rad1 Rfd8 17. Nxg6 hxg6 18. d4 Ne4 19. Ne5 Qh4 20. Bxe4 dxe4 21.
Qxe4 Qxh3 22. Rd3 Nf6 23. Rxh3 Nxe4 24. Kg2 Ng5 25. Re3 c5 26. f4 cxd4 27. Bxd4
Bc7 28. Bc5 Bxe5 29. Rxe5 Nh7 30. Be3 a4 31. b4 Nf6 32. Kf3 Rdc8 33. Rc1 Rc7 34.
Rb5 Rac8 35. c5 Ra8 36. Rd1 Nd7 37. Bf2 Ra6 38. Bg3 f5 39. Bh4 Nf6 40. gxf5 gxf5
41. Bxf6 gxf6 42. Rd8+ Kf7 43. Rb8 Ra7 44. Rb6 a3 45. Rh8 Re7 46. Rh7+ Kf8 47.
Rxe7 Kxe7 48. Ke3 e5 49. Kd3 exf4 50. Kd4 Kf7 51. Kd5 Kg6 52. Kd6 Ra8 53. Rxb7
Re8 54. Re7 Rd8+ 55. Rd7 Re8 56. c6 Rxe2 57. c7 Rd2+ 58. Ke7 Rc2 59. Kd8 f3 60.
c8=Q Rxc8+ 61. Kxc8 f2 62. Rd1 1-0

[Event "24th Abu Dhabi Masters"]
[Site "Abu Dhabi UAE"]
[Date "2017.08.15"]
[Round "2.17"]
[White "Jonkman, Harmen"]
[Black "Ter-Sahakyan, Samvel"]
[Result "1/2-1/2"]
[WhiteTitle "GM"]
[BlackTitle "GM"]
[WhiteElo "2402"]
[BlackElo "2577"]
[WhiteFideId "1002708"]
[BlackFideId "13302531"]
[EventDate "2017.08.14"]

1. e4 e5 2. Bc4 Nf6 3. d3 c6 4. Nf3 d5 5. Bb3 Bd6 6. Nc3 O-O 7. h3 dxe4 8. Nxe4
Nxe4 9. dxe4 Na6 10. Bg5 Qc7 11. Nh4 Nc5 12. Qf3 a5 13. Nf5 Bxf5 14. Qxf5 a4 15.
Bc4 b5 16. Be2 a3 17. b3 Ne6 18. c3 g6 19. Qf6 Rfe8 20. Bh6 Be7 21. Qf3 Rad8 22.
h4 Nf4 23. g3 Nxe2 24. Kxe2 c5 25. Rhd1 c4 26. b4 Qc6 27. Rd5 Rxd5 28. exd5 Qd6
29. Rd1 f5 1/2-1/2

[Event "24th Abu Dhabi Masters"]
[Site "Abu Dhabi UAE"]
[Date "2017.08.15"]
[Round "2.18"]
[White "Deac, Bogdan-Daniel"]
[Black "Tania, Sachdev"]
[Result "1-0"]
[WhiteTitle "GM"]
[BlackTitle "IM"]
[WhiteElo "2573"]
[BlackElo "2392"]
[WhiteFideId "1226380"]
[BlackFideId "5007844"]
[EventDate "2017.08.14"]

1. e4 e5 2. Nf3 Nc6 3. Bc4 Bc5 4. O-O Nf6 5. d3 a6 6. a4 O-O 7. c3 Ba7 8. Nbd2
d5 9. exd5 Nxd5 10. Re1 Nf4 11. Ne4 Bg4 12. h3 Bh5 13. Ng3 Bg6 14. d4 Re8 15. b4
Nh5 16. Nxh5 Bxh5 17. g4 Bg6 18. d5 Nb8 19. Rxe5 Rxe5 20. Nxe5 Qf6 21. Qe2 Bxf2+
22. Kg2 Ba7 23. Bd2 Qe7 24. Re1 Nd7 25. Nxg6 Qxe2+ 26. Rxe2 hxg6 27. Bf4 Nb6 28.
Bb3 Rc8 29. a5 Na8 30. Re7 Bb8 31. d6 cxd6 32. Bxf7+ Kf8 33. Rxb7 Nc7 34. Bxg6
Nd5 35. Bd2 Bc7 36. Be4 Nf6 37. Bf5 Re8 38. Kf3 1-0

[Event "24th Abu Dhabi Masters"]
[Site "Abu Dhabi UAE"]
[Date "2017.08.15"]
[Round "2.19"]
[White "Karavade, Eesha"]
[Black "Stupak, Kirill"]
[Result "0-1"]
[WhiteTitle "IM"]
[BlackTitle "GM"]
[WhiteElo "2397"]
[BlackElo "2573"]
[WhiteFideId "5012600"]
[BlackFideId "13503758"]
[EventDate "2017.08.14"]

1. e4 c6 2. c4 d5 3. exd5 Nf6 4. Nc3 cxd5 5. cxd5 Nxd5 6. Nf3 Nxc3 7. bxc3 Qc7
8. d4 e6 9. Bd2 Bd6 10. Bd3 Nd7 11. O-O b6 12. Re1 Bb7 13. Rc1 Rc8 14. h3 h6 15.
c4 O-O 16. Bc3 Rfd8 17. Qe2 Qb8 18. Nd2 Bh2+ 19. Kh1 Bf4 20. Rc2 Nf6 21. Nf3 Re8
22. Bd2 Rcd8 23. c5 Bxd2 24. Rxd2 Qa8 25. Nh4 Rd5 26. cxb6 Rh5 27. Nf3 Rxh3+ 28.
Kg1 Bxf3 29. gxf3 Qd5 30. Kg2 Qh5 31. Rg1 axb6 32. Be4 Rh2+ 33. Kf1 Rh1 34. Qe3
Qh3+ 0-1

[Event "24th Abu Dhabi Masters"]
[Site "Abu Dhabi UAE"]
[Date "2017.08.15"]
[Round "2.20"]
[White "Idani, Pouya"]
[Black "Raetsky, Alexander"]
[Result "1-0"]
[WhiteTitle "GM"]
[BlackTitle "GM"]
[WhiteElo "2569"]
[BlackElo "2381"]
[WhiteFideId "12510130"]
[BlackFideId "4103203"]
[EventDate "2017.08.14"]

1. e4 c5 2. Nf3 Nc6 3. d4 cxd4 4. Nxd4 Nf6 5. Nc3 d6 6. Bg5 e6 7. Qd2 a6 8.
O-O-O h6 9. Nxc6 bxc6 10. Bf4 d5 11. Qe3 Bb4 12. a3 Ba5 13. Be2 O-O 14. e5 Nh7
15. Na4 c5 16. Qg3 Kh8 17. Nxc5 Bc7 18. Bd3 a5 19. Rhe1 Qe7 20. Be3 a4 21. Bd4
f5 22. f4 g5 23. Qf2 gxf4 24. h4 Rg8 25. Be2 Rg3 26. Qxf4 Qg7 27. Bf3 Nf6 28.
Re3 1-0

[Event "24th Abu Dhabi Masters"]
[Site "Abu Dhabi UAE"]
[Date "2017.08.15"]
[Round "2.21"]
[White "Sardana, Rishi"]
[Black "Gabuzyan, Hovhannes"]
[Result "1/2-1/2"]
[WhiteTitle "IM"]
[BlackTitle "GM"]
[WhiteElo "2386"]
[BlackElo "2566"]
[WhiteFideId "25004301"]
[BlackFideId "13303732"]
[EventDate "2017.08.14"]

1. e4 c5 2. c3 Nf6 3. e5 Nd5 4. Nf3 e6 5. d4 cxd4 6. cxd4 b6 7. Bd3 Be7 8. Nc3
Nxc3 9. bxc3 Bb7 10. Bf4 Nc6 11. Be4 Rc8 12. O-O Na5 13. Bxb7 Nxb7 14. d5 Rc4
15. Nd4 O-O 16. Qg4 f5 17. Qe2 Qc8 18. Bd2 Na5 19. Qd3 Rc5 20. c4 Nxc4 21. Bb4
Nxe5 22. Qe2 Ng6 23. dxe6 Re5 24. exd7 Qxd7 25. Qc4+ Qd5 26. Qxd5+ Rxd5 27. Bxe7
Nxe7 28. Ne6 Rc8 29. Rfc1 h6 30. Rxc8+ Nxc8 31. h4 Kf7 32. Nf4 Rd4 33. g3 g5 34.
hxg5 hxg5 35. Nh3 Kf6 36. Rc1 Nd6 37. Rc7 Rd1+ 38. Kg2 Rd2 39. Rxa7 g4 40. Nf4
Ne4 41. Ra6 Rxf2+ 42. Kg1 Rf3 43. Rxb6+ Ke7 44. Ng6+ Kd8 45. Rb3 Rxb3 46. axb3
Nxg3 47. Kf2 Nh5 48. Nh4 f4 49. Ng6 Kc7 50. Nxf4 1/2-1/2

[Event "24th Abu Dhabi Masters"]
[Site "Abu Dhabi UAE"]
[Date "2017.08.15"]
[Round "2.22"]
[White "Wagner, Dennis"]
[Black "Saravana, Krishnan P."]
[Result "1-0"]
[WhiteTitle "GM"]
[WhiteElo "2563"]
[BlackElo "2378"]
[WhiteFideId "24650684"]
[BlackFideId "5018382"]
[EventDate "2017.08.14"]

1. e4 e6 2. d4 d5 3. Nc3 Bb4 4. e5 c5 5. a3 Ba5 6. Bd2 cxd4 7. Nb5 Bc7 8. f4 Nc6
9. Nxc7+ Qxc7 10. Nf3 Bd7 11. Bd3 f6 12. O-O Nge7 13. exf6 gxf6 14. c3 dxc3 15.
Bxc3 Rf8 16. b4 a6 17. Kh1 e5 18. fxe5 fxe5 19. Rc1 e4 20. Nd4 O-O-O 21. Be2 Ng6
22. Rxf8 Rxf8 23. Nxc6 Bxc6 24. a4 Nf4 25. b5 Nxe2 26. Qxe2 Qf4 27. Qe1 axb5 28.
axb5 Qf2 29. Qd1 Kd7 30. bxc6+ bxc6 31. Bd4 Qf5 32. Qa4 Rc8 33. Bb6 Qg5 34. Qa7+
Ke6 35. Rf1 Qe7 36. Qa4 c5 37. Ba5 Rf8 38. Qc6+ Ke5 39. Bc7+ Kd4 40. Rd1+ Kc3
41. Bd6 1-0